Ante la crisis económica: protesta obrera

Guardat en:
Dades bibliogràfiques
Format: Text
Etiquetes: Afegir etiqueta
Sense etiquetes, Sigues el primer a etiquetar aquest registre!

MARC

LEADER 00000 a a2200000 04500
001 17552
003
040
245 |a Ante la crisis económica:   |b protesta obrera  
773 |g número 58; páginas 913-914  
999 |c 38853  |d 38853